| 000 | 00595nam a22001937a 4500 | ||
|---|---|---|---|
| 003 | SISC | ||
| 005 | 20160901112015.0 | ||
| 008 | 160901b xxu||||| |||| 00| 0 eng d | ||
| 020 | _a9789719803034 | ||
| 050 |
_aHG 4026 _b.T56 2015 |
||
| 100 | _aTimbang, Ferdinand L. | ||
| 245 |
_aFinancial management, part 1 / _cFerdinand L. Timbang. |
||
| 250 | _a1st edition. | ||
| 260 |
_aQuezon CIty : _bC & E Publishing, Inc., _c2015. |
||
| 300 |
_axii, 285 pages ; _c26 cm. |
||
| 500 | _aIncludes bibliographical references and index. | ||
| 650 |
_aBusiness enterprises _xFinance. |
||
| 942 |
_2lcc _cBK |
||
| 999 |
_c300985 _d300985 |
||